| 000 | | | 04197nmc2a22000003x 450 |
| 001 | | | 21ec9e24-cfb1-4583-bf44-e45e1591da6b |
| 005 | | | 20181008125949.0 |
| 100 | ## | $a | 20161219l18191819k l0rusy0189 ca |
| 101 | 0# | $a | rus |
| 102 | ## | $a | RU |
| 200 | 1# | $a | Дело о привлечении к суду лейтенанта А. Добровольского, прибившего после маскарада 13 февраля двух ламповщиков и разбившего пятьдесят три стекла |
| | $j | 14 февраля - 1 апреля 1819 г. |
| 251 | ## | $c | Дело |
| 300 | ## | $a | Дело |
| 300 | ## | $a | Ориг. заголовок дела: Дело по рапорту смотрителя Станкевича о происшествии, случившемся во время маскарада между офицером Добровольским и служителями Дирекции. 14 февраля 1819 г. - 1 апреля 1819 г |
| 801 | #0 | $a | RU |
| | $b | РГИА |
| | $c | 20161219 |
| | $g | RCR |
| 801 | #1 | $a | RU |
| | $b | ГлавНИВЦ |
| | $c | 20161219 |
| | $2 | rusmarc |
| 801 | #2 | $a | RU |
| | $b | ПБ им. Б.Н. Ельцина |
| | $c | 20181008 |
| | $g | RCR |
| | $2 | rusmarc |
| 850 | ## | $a | РГИА |
| 852 | ## | $a | РГИА |
| | $e | Федеральное казенное учреждение "Российский государственный исторический архив" (РГИА) |
| | $j | 1883 |
| 937 | ## | $h | РГИА |
| | $d | 12237057 |
| | $a | ASBIBLIO_SCAN |
| 462 | #0 | $1 | 001dd3991dc-24e1-42ec-8838-ca4255420416 |
| | $1 | 2001 |
| | $a | 1746-1850 гг. |
| | $1 | 251 |
| | $c | Опись |
| | $1 | 852 |
| | $j | 1 |
| 461 | #0 | $1 | 0019264ebf8-de62-4f1a-9eb4-9f22098dbbd5 |
| | $1 | 2001 |
| | $a | Дирекция императорских театров МИДв |
| | $1 | 251 |
| | $c | Фонд |
| | $1 | 852 |
| | $j | 497 |
| 215 | ## | $a | 7 л. |
| | $d | 36,5х26 см |
| 371 | ## | $a | Документ не является опубликованным и широко распространяемым |
| 105 | ## | $a | y### |
| 122 | 2# | $a | d |
| 517 | 1# | $a | Дело по рапорту смотрителя Станкевича о происшествии, случившемся во время маскарада между офицером Добровольским и служителями Дирекции. 14 февраля 1819 г. - 1 апреля 1819 г |
| 035 | ## | $a | 21ec9e24-cfb1-4583-bf44-e45e1591da6b |
| 856 | ## | $u | http://readingroom.main.prlib.ru/item.aspx?id_node=n119007952&mode=full |